000 00323nam a2200133Ia 4500
005 20251222143157.0
008 251222s9999||||xx |||||||||||||| ||spa||
020 _a84-7490-535-4
082 _a264.36/S29
100 _aSchönborn, Christoph
245 0 _aFundamentos de Nuestra Fe:
264 _bEncuentro
942 _cLIB
999 _c12916
_d12916